Central Library OPAC University of Rajshahi

রক্তাক্ত মানচিত্র / (Record no. 71637)

MARC details
000 -LEADER
fixed length control field 00907nam a2200241 a 4500
001 - CONTROL NUMBER
control field 71637
003 - CONTROL NUMBER IDENTIFIER
rucl marc code BD-RjUL
005 - DATE AND TIME OF LATEST TRANSACTION
control field 20211209082134.0
008 - FIXED-LENGTH DATA ELEMENTS--GENERAL INFORMATION
fixed length control field 170506s1971 bg ||||| |||| 00| 0 ben d
020 ## - INTERNATIONAL STANDARD BOOK NUMBER
Terms of availability : IRs. 7.50
035 ## - SYSTEM CONTROL NUMBER
System control number (BD-RjUL)71853
040 ## - CATALOGING SOURCE
Original cataloging agency BD-RjUL
Language of cataloging ben
Transcribing agency BD-RjUL
041 ## - LANGUAGE CODE
Language code of text/sound track or separate title ben
082 ## - DEWEY DECIMAL CLASSIFICATION NUMBER
Edition number 23
Classification number 891.44108
Author mark and year RAK 1971
245 00 - TITLE STATEMENT
Title রক্তাক্ত মানচিত্র /
Statement of responsibility, etc. আবদুল হাফিজ সম্পাদিত
250 ## - EDITION STATEMENT
Edition statement ১ম প্রকাশ
260 ## - PUBLICATION, DISTRIBUTION, ETC. (IMPRINT)
Place of publication, distribution, etc. মুজিবনগর [কলিকাতা] :
Name of publisher, distributor, etc. মুক্তধারা,
Date of publication, distribution, etc. ১৯৭১
300 ## - PHYSICAL DESCRIPTION
Pagination ১৮৫, [১] পৃ. ;
Size ২১ সেমি.
650 ## - SUBJECT ADDED ENTRY--TOPICAL TERM
Topical term or geographic name as entry element বাংলা কবিতা
General subdivision সংগ্রহ
9 (RLIN) 211962
Topical term or geographic name as entry element Bengali poetry
9 (RLIN) 211963
General subdivision Collection
700 ## - ADDED ENTRY--PERSONAL NAME
Personal name হাফিজ, আবদুল, সম্পাদক
942 ## - ADDED ENTRY ELEMENTS (KOHA)
Source of classification or shelving scheme Dewey Decimal Classification
Koha item type Books
Holdings
Lost status Source of classification or shelving scheme Damaged status Not for loan Collection code Permanent Location Current Location Shelving location Date acquired Source of acquisition Cost, normal purchase price Total Checkouts Full call number Date last seen Copy number Koha item type Checked out Date checked out
  Dewey Decimal Classification   Not For Loan Rare Books Central Library, University of Rajshahi Central Library, University of Rajshahi Rare Book Section 10/02/1972 Islamia library, Chittagong 7.50   BRA 891.44108 RAK 1971 06/05/2017 C-1 Rare Books    
  Dewey Decimal Classification     Fiction Central Library, University of Rajshahi Central Library, University of Rajshahi   10/02/1972 Islamia library, Chittagong 7.50 3 B 891.44108 RAK 1971 25/03/2026 C-2 Books 08/06/2026 25/03/2026